=LDR 00000nam 2200000 4500 =001 INLIS000000000043299 =005 20131008103041 =008 ***********************************ind** =035 ##$$0010-101300000001221 =041 ##$$a ind =082 ##$$a 611.8 =090 ##$$a 611.8, Sne n =100 ##$$a SNELL, Richard S =245 ##$$a Neusoanatomi klinik, Clinical neuroanatomy for medical students, Richard S Snell =260 ##$$a 1996 $b Jakarta =300 ##$$a xviii, 575 hlm, 25 cm =650 ##$$a ANATOMI URAT SARAF =850 ##$$a NBPNMAT